| 000 | 00414nam a2200145Ia 4500 | ||
|---|---|---|---|
| 008 | 151015s9999 xx 000 0 und d | ||
| 020 | _a393925021 | ||
| 050 | _aQE26.3.M36 2005 | ||
| 245 | _aMarshak,Stephen | ||
| 250 | _a_Earth Portrait of a planet (2nd ed.) stephen Marshak | ||
| 300 | _aNew York W.W. Norton 2005 | ||
| 500 | _aInclude index | ||
| 650 | _a_Cosmology | ||
| 700 | _a^d20120828 09:42:50^okorir | ||
| 999 |
_c3604 _d3604 |
||